000 00603nam a2200181Ia 4500
008 220216s9999 xx 000 0 und d
100 _aPurwaningrum Y
245 0 _aLatex quality and yield parameters of Hevea brasiliensis (Willd. Ex A. Juss) Mull. Arg. Clone PB 260 for different tapping and stimulant application frequencies
260 _bChilean Journal of Agricultural Research
_c2019
300 _a347-355
500 _aSource Year: 2019
650 _aLatex quality
650 _aYield parameters
700 _aAsbur Y
700 _aJunaidi
856 _uOnline details only
942 _cJS
999 _c62069
_d62069